فن ا نشا ءيہ ا و ر ا نشا يۓ (Record no. 182673)
[ view plain ]
| 000 -LEADER | |
|---|---|
| fixed length control field | 00667nam a22001937a 4500 |
| 005 - DATE AND TIME OF LATEST TRANSACTION | |
| control field | 20211201125627.0 |
| 010 ## - LCCN (DPL NO) | |
| LC control number | UR-11344 |
| 020 ## - INTERNATIONAL STANDARD BOOK NUMBER | |
| Terms of availability | 475.00 |
| International Standard Book Number | 9789390789115 |
| 035 ## - SYSTEM CONTROL NUMBER | |
| System control number | U-9899 |
| 037 ## - SOURCE OF ACQUISITION | |
| Source of stock number/acquisition | DBAD/PUB |
| 082 ## - DEWEY DECIMAL CLASSIFICATION NUMBER | |
| Classification number | 840.08 |
| 100 ## - MAIN ENTRY--PERSONAL NAME | |
| Personal name | مر تبہ:فر حت شميم |
| 245 ## - TITLE STATEMENT | |
| Title | فن ا نشا ءيہ ا و ر ا نشا يۓ |
| Statement of responsibility, etc | مر تبہ:فر حت شميم |
| 246 ## - VARYING FORM OF TITLE | |
| Title proper/short title | Fan-e-Inshaiya Aur Inshaiye Urdu) |
| Remainder of title | Edited by Farhat Shamim |
| 260 ## - PUBLICATION, DISTRIBUTION, ETC. (IMPRINT) | |
| Place of publication, distribution, etc | N.Delhi |
| Date of publication, distribution, etc | 2021 ء |
| Name of publisher, distributor, etc | Educational Publishing House |
| 270 ## - ADDRESS | |
| Address | D1/16,Ansari Road,Darya Ganj, |
| City | New Delhi |
| Postal code | 110002 |
| Fax number | - |
| 300 ## - PHYSICAL DESCRIPTION | |
| Extent | 480 ص |
| Dimensions | 22 Cm(Hb) |
| 942 ## - ADDED ENTRY ELEMENTS (KOHA) | |
| Source of classification or shelving scheme | Dewey Decimal Classification |
| Item type | Urdu Bks |
| Classification part | 840.08 |
| Call number suffix | ا ن ش |
| Withdrawn status | Lost status | Not for loan | Collection code | Home library | Current library | Date acquired | Source of acquisition | Cost, normal purchase price | Full call number | Barcode | Copy number | Cost, replacement price | Koha item type |
|---|---|---|---|---|---|---|---|---|---|---|---|---|---|
| Non-fiction | D.B.Act.Division | D.B.Act.Division | 01/12/2021 | DBAD/PUB | 475.00 | 840.08 ا ن ش | U-9899 | 1 | 475.00 | Urdu Bks |
